Veriteľská politika a úverové možnosti Medzinárodného menového fondu

Zdroje finančnej pomoci Medzinárodného menového fondu (MMF). Členské kvóty jednotlivých zakladajúcich členov MMF. Okrem členskej kvóty závisí objem financovania aj s podmienkami konkrétneho výpožičného okna - facilitou. Úverové facility MMF - základné, špeciálne. Postprogramový monitoring. Podmiene...

Descrizione completa

Salvato in:
Dettagli Bibliografici
Autore principale: Janok, Michal
Altri autori: Ančicová, Martina
Natura: Capitolo di libro
Lingua:slovacco
Soggetti:
Tags: Aggiungi Tag
Nessun Tag, puoi essere il primo ad aggiungerne!!

MARC

LEADER 00000naa$a2200000$$$4500
001 0027546
005 20230929124836.3
041 0 |a slo 
044 |a CZ 
245 1 0 |a Veriteľská politika a úverové možnosti Medzinárodného menového fondu  |c Michal Janok, Martina Ančicová 
520 |a Zdroje finančnej pomoci Medzinárodného menového fondu (MMF). Členské kvóty jednotlivých zakladajúcich členov MMF. Okrem členskej kvóty závisí objem financovania aj s podmienkami konkrétneho výpožičného okna - facilitou. Úverové facility MMF - základné, špeciálne. Postprogramový monitoring. Podmienenosť MMF. 
610 2 0 |a Medzinárodný menový fond 
610 2 0 |a pomoc finančná 
610 2 0 |a zdroje finančné 
610 2 0 |a úver 
610 2 0 |a kvóty 
610 2 0 |a pôžičky medzinárodné 
100 1 |a Janok, Michal 
700 1 |a Ančicová, Martina